| 000 | 00455nam a22001457a 4500 | ||
|---|---|---|---|
| 005 | 20251120103604.0 | ||
| 008 | 251120b |||||||| |||| 00| 0 eng d | ||
| 020 | _a979-8-88715-340-7 | ||
| 100 | _aGILBERT , SARA IVAN | ||
| 245 | _aAGRIBUSINESS MANAGEMENT | ||
| 260 |
_aDUBLIN _bORYSON PRESS _c2024 |
||
| 500 | _aINCLUDES INDEX | ||
| 650 | _a1. AGRIBUSINESS 2. AGRICULTURAL INDUSTRIES - MANAGEMENT 3. BUSINESS PLANNING IN AGRICULTURE | ||
| 942 |
_2lcc _cBK |
||
| 999 |
_c216222 _d216222 |
||